[Event "Harrogate 4NCL op 24th"]
[Site "Harrogate"]
[Date "2020.01.19"]
[Round "5"]
[White "Bitlloch, Jordi"]
[Black "Curras Lorenzo, Guillermo"]
[Result "1-0"]
[WhiteElo "1683"]
[BlackElo "1765"]
[PlyCount "45"]
[EventDate "2020.01.17"]
[EventType "swiss"]
[EventRounds "5"]
[EventCountry "ENG"]
[SourceTitle "CBM 195 Extra"]
[Source "ChessBase"]
[SourceDate "2020.05.31"]
[SourceVersion "1"]
[SourceVersionDate "2020.05.31"]
[SourceQuality "1"]

1. e4 c5 2. Nf3 d6 3. d4 cxd4 4. Nxd4 Nf6 5. Nc3 a6 6. Be2 g6 7. Be3 Bg7 8. 0-0 0-0 9. Nb3 Be6 10. Nd4 Bd7 11. Nd5 Nxd5 12. exd5 Qa5 13. Qd3 Bc8 14. Nb3 Qc7 15. c3 Bf5 16. Qd2 Nd7 17. g4 Bxg4 18. Bxg4 Ne5 19. Be2 Qd7 20. f4 Ng4 21. Bxg4 Qxg4+ 22. Qg2 Qf5 23. Rad1 1-0

[Event "Harrogate 4NCL op 24th"]
[Site "Harrogate"]
[Date "2020.01.17"]
[Round "1"]
[White "Barber, Andrew"]
[Black "Bitlloch, Jordi"]
[Result "1/2-1/2"]
[WhiteElo "1822"]
[BlackElo "1683"]
[PlyCount "46"]
[EventDate "2020.01.17"]
[EventType "swiss"]
[EventRounds "5"]
[EventCountry "ENG"]
[SourceTitle "CBM 195 Extra"]
[Source "ChessBase"]
[SourceDate "2020.05.31"]
[SourceVersion "1"]
[SourceVersionDate "2020.05.31"]
[SourceQuality "1"]

1. c4 e5 2. g3 Nf6 3. Bg2 d5 4. cxd5 Nxd5 5. Nc3 Be6 6. Nf3 Nc6 7. a3 Nb6 8. d3 Be7 9. Be3 0-0 10. 0-0 f6 11. Rc1 Nd4 12. Nd2 c6 13. Nce4 f5 14. Nc5 Bxc5 15. Rxc5 f4 16. Bxd4 exd4 17. Ne4 Nd5 18. Qd2 Qe7 19. a4 Rac8 20. Rfc1 fxg3 21. hxg3 Nf6 22. Qg5 h6 23. Qg6 Qe8 1/2-1/2

[Event "Harrogate 4NCL op-B 21st"]
[Site "Harrogate"]
[Date "2019.01.20"]
[Round "4"]
[White "Smith, Steve"]
[Black "Bitlloch, Jordi"]
[Result "0-1"]
[WhiteElo "1736"]
[BlackElo "1765"]
[PlyCount "106"]
[EventDate "2019.01.18"]
[EventType "swiss"]
[EventRounds "5"]
[EventCountry "ENG"]
[SourceTitle "CBM 188 Extra"]
[Source "ChessBase"]
[SourceDate "2019.02.26"]
[SourceVersion "1"]
[SourceVersionDate "2019.02.26"]
[SourceQuality "1"]

1. d4 Nf6 2. c4 c5 3. d5 e5 4. Nc3 d6 5. e3 Be7 6. Bd3 Nbd7 7. Qc2 Nf8 8. Nf3 Ng6 9. Bd2 0-0 10. Bxg6 hxg6 11. 0-0-0 Ng4 12. Rdf1 f5 13. h3 Nh6 14. e4 a6 15. h4 b5 16. Bg5 b4 17. Nb1 fxe4 18. Qxe4 Bf5 19. Bxe7 Qxe7 20. Qe3 Ng4 21. Qe2 e4 22. Ng5 Ne5 23. Ne6 Bxe6 24. dxe6 Qxe6 25. Qxe4 Qxc4+ 26. Qxc4+ Nxc4 27. Nd2 Rf4 28. f3 Ne3 29. Rf2 d5 30. g3 Rf6 31. Re2 d4 32. Rhe1 Re8 33. f4 Rfe6 34. Nc4 Kf7 35. Nxe3 Rxe3 36. Rxe3 Rxe3 37. Rxe3 dxe3 38. b3 Ke6 39. Kc2 Kf5 40. Kd3 Kg4 41. Kxe3 Kxg3 42. Ke4 Kxh4 43. Kd5 Kg4 44. Kxc5 Kxf4 45. Kxb4 g5 46. Ka5 g4 47. b4 g3 48. Kxa6 g2 49. b5 g1Q 50. a4 Qg6+ 51. b6 Qd3+ 52. Ka5 Ke5 53. b7 Qb3 0-1

[Event "Harrogate 4NCL op-B 21st"]
[Site "Harrogate"]
[Date "2019.01.19"]
[Round "2"]
[White "Robinson, Brian"]
[Black "Bitlloch, Jordi"]
[Result "1-0"]
[WhiteElo "1547"]
[BlackElo "1765"]
[PlyCount "95"]
[EventDate "2019.01.18"]
[EventType "swiss"]
[EventRounds "5"]
[EventCountry "ENG"]
[SourceTitle "CBM 188 Extra"]
[Source "ChessBase"]
[SourceDate "2019.02.26"]
[SourceVersion "1"]
[SourceVersionDate "2019.02.26"]
[SourceQuality "1"]

1. d4 Nf6 2. Nf3 c5 3. e3 b6 4. Bd3 Bb7 5. Nbd2 e6 6. 0-0 Be7 7. c3 0-0 8. Re1 Na6 9. e4 cxd4 10. Nxd4 Nc5 11. Bc2 Rc8 12. e5 Nd5 13. Ne4 Nxe4 14. Bxe4 d6 15. Qd3 g6 16. Nxe6 fxe6 17. Bxg6 Rf5 18. Bxf5 exf5 19. Qxf5 dxe5 20. Qxe5 Bf6 21. Qg3+ Kh8 22. Bh6 Qc7 23. Qxc7 Nxc7 24. Rad1 Rg8 25. g3 Rd8 26. Rxd8+ Bxd8 27. Bf4 Bc6 28. Bxc7 Bxc7 29. Re7 Bb8 30. f4 Kg8 31. f5 a5 32. g4 Bd6 33. Re1 Bc5+ 34. Kf1 Kf7 35. h4 Bf3 36. g5 Bg4 37. f6 Bh3+ 38. Ke2 Bd6 39. Kf3 h6 40. Ke4 hxg5 41. hxg5 Kg6 42. Kd5 Bc5 43. Re5 Bg2+ 44. Ke6 Bh3+ 45. Kd5 Bf5 46. Kc6 Bf2 47. f7 Bc5 48. Rxc5 1-0

[Event "Harrogate 4NCL op-B 21st"]
[Site "Harrogate"]
[Date "2019.01.18"]
[Round "1"]
[White "Bitlloch, Jordi"]
[Black "Gibbs, Dominic V"]
[Result "0-1"]
[WhiteElo "1765"]
[BlackElo "1959"]
[PlyCount "82"]
[EventDate "2019.01.18"]
[EventType "swiss"]
[EventRounds "5"]
[EventCountry "ENG"]
[SourceTitle "CBM 188 Extra"]
[Source "ChessBase"]
[SourceDate "2019.02.26"]
[SourceVersion "1"]
[SourceVersionDate "2019.02.26"]
[SourceQuality "1"]

1. e4 e6 2. d4 d5 3. exd5 exd5 4. c4 Nf6 5. Nc3 Be6 6. Qb3 Nc6 7. Nf3 Qd7 8. Be3 Na5 9. Qb5 Qxb5 10. Nxb5 Bb4+ 11. Bd2 Bxd2+ 12. Nxd2 0-0-0 13. c5 Nc6 14. Nb3 Rhe8 15. 0-0-0 Ne4 16. f3 Nf2 17. Rg1 Nxd1 18. Kxd1 Bf5 19. g4 Bg6 20. f4 Bb1 21. Nc3 Be4 22. Rg3 Re7 23. Kd2 a6 24. Re3 Rde8 25. Be2 Nd8 26. Nxe4 Rxe4 27. Rxe4 Rxe4 28. f5 c6 29. Bf3 Re8 30. Nc1 f6 31. Nd3 g6 32. Nf4 gxf5 33. gxf5 Kd7 34. h4 Rg8 35. Ne2 Nf7 36. Ke3 Nh6 37. Kf4 Ke7 38. Ng3 Rxg3 39. Kxg3 Nxf5+ 40. Kf4 Nxd4 41. Bg4 Ne6+ 0-1